00781nam a22001937a 450000500170000001000150001702000260003203500140005803700090007208200100008110000280009124501060011926000360022527001050026130000240036694200240039099900190041495201540043320250110095205.0 aENG-143298 c500.00a9788119664085 aEN-126830 bDBAD a280.3 aKalliath, Antony976311 aBeing Christian-Being Missional:bPerspectives, Paths Fostering Engaging Witness/cBy Antony Kalliath aBengalurubATC Publishersc2024 bBengaluruaNo. 5, Nandidurga Road, benson Town Poste560046k+91-80-25491999minfo@atcpublishers.com axvi,358p.c24cm(pb) 2ddccENh280.3mKAL c208339d208339 001040708NFICaMPbMPd2025-01-10eDelivery of Books Act Divisiong500.00l0o280.3 KALpEN-126830r2025-01-10 00:00:00t1v500.00w2025-01-10yEN